[Event "Junior Online 4NCL Division 5"]
[Site "online"]
[Date "2021.02.18"]
[EventDate "2021.02.18"]
[Round "3.107"]
[White "Varea, Gabriel"]
[WhiteElo "955"]
[WhiteTeam "Dragon Kings 1"]
[Black "Harper, Luke"]
[BlackElo "1166"]
[BlackTeam "SASCA Sharks"]
[Result "1-0"]
[PlyCount "53"]

1. e4 e5 2. Nf3 f5 3. exf5 d6 4. Bc4 Bxf5 5. d3 h6 6. Be3 d5 7. Bb5+ Nd7 8. Bxd7+ Qxd7 9. Nxe5 Qe6 10. Bd4 Bd6 11. Qe2 O-O-O 12. O-O Bxe5 13. Bxe5 Re8 14. d4 g5 15. Qb5 a6 16. Qb3 Rh7 17. Qc3 h5 18. Qa3 g4 19. Nc3 h4 20. Qb3 g3 21. h3 Bxh3 22. Nxd5 gxf2+ 23. Rxf2 Bxg2 24. Rxg2 h3 25. Rh2 Qg4+ 26. Kh1 Qf3+ 27. Qxf3 1-0

[Event "Junior Online 4NCL Division 5"]
[Site "online"]
[Date "2021.02.18"]
[EventDate "2021.02.18"]
[Round "3.108"]
[White "Dewis, Oliver"]
[WhiteElo "903"]
[WhiteTeam "SASCA Sharks"]
[Black "Tipton, Oliver"]
[BlackElo "880"]
[BlackTeam "Dragon Kings 1"]
[Result "1-0"]
[PlyCount "75"]

1. d4 d5 2. c4 dxc4 3. e4 Nf6 4. Bxc4 Nxe4 5. Qf3 Nf6 6. Ne2 e6 7. Bd3 Bb4+ 8. Bd2 Bxd2+ 9. Nxd2 O-O 10. Qh3 Nc6 11. O-O Nxd4 12. Nxd4 Qxd4 13. Bb1 e5 14. Qf3 Qxd2 15. Rd1 Qxb2 16. Bd3 e4 17. Bxe4 Nxe4 18. Qxe4 g6 19. Qf4 c5 20. Qc7 b5 21. Qc6 b4 22. Qxa8 b3 23. axb3 Qxb3 24. Qxa7 Qc4 25. Rac1 Qg4 26. Qxc5 Bb7 27. g3 Qf3 28. Kf1 Qg2+ 29. Ke1 Re8+ 30. Kd2 Qxf2+ 31. Qxf2 Rd8+ 32. Kc2 Rc8+ 33. Kb1 Be4+ 34. Ka1 Ra8+ 35. Kb2 Rb8+ 36. Kc3 Rc8+ 37. Kd4 Ba8 38. Rxc8+ 1-0

[Event "Junior Online 4NCL Division 5"]
[Site "online"]
[Date "2021.02.18"]
[EventDate "2021.02.18"]
[Round "3.111"]
[White "Kong, Emma"]
[WhiteElo "1000"]
[WhiteTeam "Young Dragons C"]
[Black "Maheshwaran, Arya"]
[BlackElo "1324"]
[BlackTeam "Maidenhead Juniors 3"]
[Result "1/2-1/2"]
[PlyCount "116"]

1. e4 c5 2. Nf3 e6 3. Bc4 d5 4. exd5 exd5 5. Bb5+ Bd7 6. Qe2+ Qe7 7. Qxe7+ Bxe7 8. Bxd7+ Nxd7 9. Nc3 d4 10. Nd5 O-O-O 11. Nxe7+ Nxe7 12. O-O Rde8 13. d3 Nc6 14. Bf4 Re2 15. Rac1 Nb4 16. Rfe1 Rxc2 17. Rxc2 Nxc2 18. Re7 Rf8 19. Ng5 Kd8 20. Bd6 Nf6 21. Bxc5 b6 22. Bd6 h6 23. Rxf7 Rxf7 24. Nxf7+ Ke8 25. Ne5 Nd7 26. Nxd7 Kxd7 27. Be5 g6 28. a3 a5 29. Kf1 b5 30. Ke2 b4 31. axb4 axb4 32. Kd2 b3 33. h3 Ke6 34. Bh8 Kf5 35. f3 h5 36. Ke2 g5 37. Kf2 g4 38. hxg4+ hxg4 39. fxg4+ Kxg4 40. Kf1 Kg3 41. Be5+ Kg4 42. Kf2 Kf5 43. Bh8 Kg4 44. g3 Nb4 45. Kg2 Nxd3 46. Bxd4 Nc1 47. Kf2 Na2 48. Be5 Nb4 49. Kg2 Nd3 50. Bc3 Nc5 51. Bd4 Ne6 52. Bc3 Nc5 53. Bd4 Ne6 54. Bh8 Nc5 55. Bc3 Na4 56. Bh8 Nc5 57. Be5 Nd3 58. Bh8 Nc5 1/2-1/2

[Event "Junior Online 4NCL Division 5"]
[Site "online"]
[Date "2021.02.18"]
[EventDate "2021.02.18"]
[Round "3.112"]
[White "Thorley, Luke"]
[WhiteElo "1300"]
[WhiteTeam "Maidenhead Juniors 3"]
[Black "Swartz, Edward RG"]
[BlackElo "1013"]
[BlackTeam "Young Dragons C"]
[Result "0-1"]
[PlyCount "50"]

1. d4 d5 2. Bf4 Nc6 3. e3 Nf6 4. Bd3 e6 5. Nf3 Bd6 6. Bg3 O-O 7. Nbd2 Re8 8. c3 e5 9. Qc2 e4 10. Bb5 exf3 11. Nxf3 Ne4 12. O-O-O Bxg3 13. hxg3 Bf5 14. c4 Nxg3 15. Qc3 Ne2+ 16. Kd2 Nxc3 17. Kxc3 a6 18. Bxc6 bxc6 19. Rh5 Bg4 20. Rh4 Bxf3 21. gxf3 Qxh4 22. cxd5 cxd5 23. f4 Qxf2 24. Rd2 Qxe3+ 25. Rd3 Qxf4 0-1

[Event "Junior Online 4NCL Division 5"]
[Site "online"]
[Date "2021.02.18"]
[EventDate "2021.02.18"]
[Round "3.113"]
[White "Hoccom, Sebastian"]
[WhiteElo "1040"]
[WhiteTeam "Young Dragons C"]
[Black "Muthukaruppan, Manickam"]
[BlackElo "1270"]
[BlackTeam "Maidenhead Juniors 3"]
[Result "0-1"]
[PlyCount "80"]

1. e4 c5 2. Nf3 d6 3. Bb5+ Bd7 4. Bxd7+ Nxd7 5. Nc3 Ngf6 6. d4 cxd4 7. Qxd4 e5 8. Qd1 Be7 9. O-O O-O 10. Bg5 Nb6 11. Bxf6 Bxf6 12. Nd5 Nxd5 13. Qxd5 Rc8 14. c3 Rc5 15. Qxb7 Rc8 16. Qxa7 Ra8 17. Qb7 Rb8 18. Qd5 Rxb2 19. Rfb1 Rxb1+ 20. Rxb1 Qc8 21. Qxd6 Qxc3 22. Qd1 Rd8 23. Qe1 Qa3 24. Ra1 Be7 25. Nxe5 Bf6 26. Nc6 Rc8 27. e5 Rxc6 28. exf6 Re6 29. Qd2 gxf6 30. Qd8+ Kg7 31. g3 Qc3 32. Rd1 Qf3 33. Qd3 Re1+ 34. Rxe1 Qxd3 35. a4 Qa3 36. Re4 Qc1+ 37. Kg2 Qc6 38. Kf3 f5 39. Kf4 Qxe4+ 40. Kg5 Qg4# 0-1

[Event "Junior Online 4NCL Division 5"]
[Site "online"]
[Date "2021.02.18"]
[EventDate "2021.02.18"]
[Round "3.115"]
[White "Maheshwaran, Arya"]
[WhiteElo "1324"]
[WhiteTeam "Maidenhead Juniors 3"]
[Black "Kong, Emma"]
[BlackElo "1000"]
[BlackTeam "Young Dragons C"]
[Result "1-0"]
[PlyCount "61"]

1. e4 e5 2. Nf3 Nc6 3. d4 exd4 4. Nxd4 Nf6 5. Nxc6 bxc6 6. Nc3 Bb4 7. Bd3 d5 8. Qe2 O-O 9. O-O d4 10. Nd1 Re8 11. c3 Ba5 12. Bg5 dxc3 13. Nxc3 h6 14. Bh4 Bb4 15. Rad1 Be7 16. e5 Nd5 17. Nxd5 Bxh4 18. Ne3 Kh8 19. g3 Be7 20. Qd2 Bc5 21. f4 Be6 22. b3 Bh3 23. Rfe1 Bxe3+ 24. Qxe3 Bg4 25. Rd2 f6 26. Bg6 Re7 27. Rxd8+ Rxd8 28. Qf2 f5 29. h4 Re6 30. h5 Rd4 31. Qxd4 1-0

[Event "Junior Online 4NCL Division 5"]
[Site "online"]
[Date "2021.02.18"]
[EventDate "2021.02.18"]
[Round "3.116"]
[White "Swartz, Edward RG"]
[WhiteElo "1013"]
[WhiteTeam "Young Dragons C"]
[Black "Thorley, Luke"]
[BlackElo "1300"]
[BlackTeam "Maidenhead Juniors 3"]
[Result "1-0"]
[PlyCount "59"]

1. e4 d6 2. d4 Nf6 3. Nc3 g6 4. Nf3 Bg7 5. Bd3 Nc6 6. d5 Ne5 7. Nd4 Nxd3+ 8. Qxd3 e5 9. dxe6 Bxe6 10. Bg5 O-O 11. O-O-O c5 12. Nxe6 fxe6 13. Qe3 h6 14. Bf4 Ng4 15. Qg3 h5 16. Bxd6 Nxf2 17. Bxf8 Nxh1 18. Rxd8 Nxg3 19. Rxa8 Bxf8 20. hxg3 Kf7 21. Rxa7 c4 22. Rxb7+ Be7 23. Nb5 Kf6 24. Kd2 Bb4+ 25. c3 Bd6 26. Nxd6 Ke5 27. Nxc4+ Kxe4 28. Rb6 Kd5 29. Ne3+ Ke4 30. Rxe6# 1-0

[Event "Junior Online 4NCL Division 5"]
[Site "online"]
[Date "2021.02.18"]
[EventDate "2021.02.18"]
[Round "3.117"]
[White "Muthukaruppan, Manickam"]
[WhiteElo "1270"]
[WhiteTeam "Maidenhead Juniors 3"]
[Black "Hoccom, Sebastian"]
[BlackElo "1040"]
[BlackTeam "Young Dragons C"]
[Result "0-1"]
[PlyCount "260"]

1. e4 e5 2. Nf3 Nc6 3. Bc4 Nf6 4. d3 h6 5. c3 Be7 6. O-O O-O 7. d4 Nxe4 8. dxe5 Nc5 9. Be3 a6 10. Bxc5 Bxc5 11. Nbd2 b5 12. Bb3 d5 13. c4 dxc4 14. Bc2 Re8 15. Ne4 Qxd1 16. Rfxd1 Bb6 17. Ned2 Nxe5 18. Nxe5 Rxe5 19. Nf3 Re8 20. Rd2 Bb7 21. Re1 Bxf3 22. Rxe8+ Rxe8 23. gxf3 Ba5 24. Rd7 g6 25. b3 h5 26. bxc4 bxc4 27. Be4 f5 28. Bd5+ Kh8 29. Bf7 Re1+ 30. Kg2 Kg7 31. Bxc4+ Kf8 32. Rf7+ Ke8 33. Rh7 Rc1 34. Bf7+ Kd8 35. Bxg6 Rc2 36. Bxf5 Rxa2 37. Rd7+ Ke8 38. Rh7 Rd2 39. Bg6+ Kf8 40. Bxh5 Rd5 41. Rf7+ Kg8 42. Bg6 Rg5+ 43. Kf1 Rxg6 44. Rf4 Bd2 45. Rc4 Bf4 46. Rxf4 Rh6 47. Kg1 Rg6+ 48. Kh1 Rb6 49. Rc4 Rb7 50. f4 Kf7 51. h4 Kg7 52. f5 Kf6 53. Rf4 Rb1+ 54. Kg2 Rb8 55. h5 Rg8+ 56. Kf1 Kg5 57. Rf3 Kxh5 58. f6 Rf8 59. Rc3 Rxf6 60. Rxc7 Kg4 61. Rc4+ Kf3 62. Rc3+ Ke4 63. Re3+ Kd4 64. Rh3 Rb6 65. Rh4+ Ke5 66. Rh5+ Kf4 67. Rh4+ Kg5 68. Ra4 Rb1+ 69. Kg2 Rb6 70. Kg3 Rb3+ 71. Kg2 Rb6 72. Ra5+ Kh6 73. Ra4 Rg6+ 74. Kf1 Kh5 75. Ra5+ Kh4 76. Ra4+ Kh3 77. Ra3+ Kh2 78. Ra2 Rg1+ 79. Ke2 Rg6 80. Kf1 Kh1 81. Ke2 Re6+ 82. Kf1 Kh2 83. f4+ Kg3 84. f5 Rf6 85. Rg2+ Kh3 86. Rf2 a5 87. Kg1 a4 88. Ra2 Rxf5 89. Rxa4 Rg5+ 90. Kh1 Rd5 91. Ra3+ Kg4 92. Kh2 Rd2+ 93. Kg1 Rb2 94. Ra4+ Kf5 95. Ra5+ Ke4 96. Rh5 Rb1+ 97. Kg2 Rb2+ 98. Kg3 Rb3+ 99. Kg4 Rb4 100. Rh4 Ke3+ 101. Kg3 Rb6 102. Rg4 Rb1 103. Kh4 Rh1+ 104. Kg5 Rf1 105. Ra4 Kd2 106. Ra2+ Kc3 107. Rh2 Rg1+ 108. Kf5 Rf1+ 109. Kg5 Rg1+ 110. Kh5 Kd3 111. Rh3+ Ke2 112. Rh2+ Kf3 113. Rh3+ Kg2 114. Kg4 Kf2+ 115. Kh4 Re1 116. Rh2+ Kg1 117. Ra2 Re4+ 118. Kg3 Re3+ 119. Kf4 Rh3 120. Ra1+ Kh2 121. Kg4 Rd3 122. Ra2+ Kg1 123. Ra1+ Kf2 124. Kh4 Rd4+ 125. Kh3 Rd6 126. Ra2+ Kf3 127. Ra3+ Kf4 128. Ra4+ Kf3 129. Rh4 Rd1 130. Rh8 Rh1# 0-1

[Event "Junior Online 4NCL Division 5"]
[Site "online"]
[Date "2021.02.18"]
[EventDate "2021.02.18"]
[Round "3.118"]
[White "Squirrell, Baxter"]
[WhiteElo "880"]
[WhiteTeam "Young Dragons C"]
[Black "Markov, Aleksa"]
[BlackElo "1253"]
[BlackTeam "Maidenhead Juniors 3"]
[Result "0-1"]
[PlyCount "48"]

1. e4 e5 2. Nf3 Nc6 3. Nc3 Nf6 4. Bc4 Bc5 5. O-O O-O 6. a3 d6 7. d3 h6 8. d4 exd4 9. Nxd4 Bxd4 10. Nb5 Bb6 11. Bf4 a6 12. Nc3 Bg4 13. Be2 Bxe2 14. Qxe2 Re8 15. Rad1 Qe7 16. Rde1 d5 17. exd5 Qxe2 18. Nxe2 Nxd5 19. c4 Nxf4 20. Nxf4 Rxe1 21. Rxe1 Rd8 22. b4 Rd4 23. Re8+ Kh7 24. Ne2 Rd1# 0-1

[Event "Junior Online 4NCL Division 5"]
[Site "online"]
[Date "2021.02.18"]
[EventDate "2021.02.18"]
[Round "3.121"]
[White "Zhao, Wenyi"]
[WhiteElo "1424"]
[WhiteTeam "KJCA Young Kestrels G"]
[Black "Dhaliwal, Simrun Kaur"]
[BlackElo "1028"]
[BlackTeam "Edgware Gambits J"]
[Result "1/2-1/2"]
[PlyCount "48"]

1. d4 d5 2. c4 Nf6 3. Bg5 dxc4 4. Nc3 e6 5. a3 Be7 6. e3 O-O 7. Bxc4 Nc6 8. Nf3 h6 9. Bf4 Na5 10. Ba2 b6 11. O-O Ba6 12. Re1 Nc4 13. Qc2 Bd6 14. Bxd6 cxd6 15. Qa4 Bb7 16. Bxc4 Nd5 17. Bxd5 exd5 18. Qd1 Qf6 19. h3 Rfe8 20. Rc1 Qg6 21. Nh4 Qg5 22. Nf3 Qg6 23. Nh4 Qg5 24. Nf3 Qg6 1/2-1/2

[Event "Junior Online 4NCL Division 5"]
[Site "online"]
[Date "2021.02.18"]
[EventDate "2021.02.18"]
[Round "3.122"]
[White "Tulsiani, Aarav"]
[WhiteElo "910"]
[WhiteTeam "Edgware Gambits J"]
[Black "Shkuratovskyi, Makariy"]
[BlackElo "1267"]
[BlackTeam "KJCA Young Kestrels G"]
[Result "0-1"]
[PlyCount "60"]

1. e4 e5 2. Nf3 Nf6 3. Nc3 Nc6 4. Bc4 Bb4 5. O-O Bxc3 6. bxc3 Nxe4 7. d3 Nxc3 8. Qe1 Na4 9. Bg5 f6 10. Bd2 d5 11. Bb3 Nb6 12. Rb1 Be6 13. a3 O-O 14. Qd1 d4 15. Re1 Bxb3 16. cxb3 Nd5 17. Re2 b5 18. a4 bxa4 19. bxa4 Rb8 20. Ra1 a6 21. g3 Rb6 22. a5 Rb5 23. Rb1 Qb8 24. Rc1 Nxa5 25. Ra1 Nb3 26. Rxa6 Nxd2 27. Nxd2 Nc3 28. Qe1 Nxe2+ 29. Qxe2 Rb2 30. Nc4 Rxe2 0-1

[Event "Junior Online 4NCL Division 5"]
[Site "online"]
[Date "2021.02.18"]
[EventDate "2021.02.18"]
[Round "3.123"]
[White "Heard, Ben"]
[WhiteElo "1253"]
[WhiteTeam "KJCA Young Kestrels G"]
[Black "Pang, Ethan"]
[BlackElo "925"]
[BlackTeam "Edgware Gambits J"]
[Result "1-0"]
[PlyCount "67"]

1. e4 e5 2. Nf3 Nc6 3. Nc3 Bc5 4. Nxe5 Nxe5 5. d4 Bd6 6. dxe5 Bxe5 7. Bc4 Nf6 8. Bg5 O-O 9. O-O h6 10. Bh4 d6 11. Nd5 c6 12. Nxf6+ Bxf6 13. Bg3 Bxb2 14. Rb1 Bf6 15. Bxd6 Re8 16. Re1 b5 17. Bb3 a5 18. a4 Bc3 19. Re2 Bg4 20. f3 Qb6+ 21. Kh1 Bd7 22. Bg3 Red8 23. Bf2 Qb7 24. Qd3 b4 25. Bg3 c5 26. Bd5 Qa7 27. Bxa8 Qxa8 28. Bh4 Bb5 29. Qxb5 Rc8 30. Rd1 Be5 31. Rd7 g5 32. Bg3 Bxg3 33. hxg3 Kf8 34. Qc4 1-0

[Event "Junior Online 4NCL Division 5"]
[Site "online"]
[Date "2021.02.18"]
[EventDate "2021.02.18"]
[Round "3.124"]
[White "Soni, Gia"]
[WhiteElo "850"]
[WhiteTeam "Edgware Gambits J"]
[Black "Oprea, Lucas"]
[BlackElo "1214"]
[BlackTeam "KJCA Young Kestrels G"]
[Result "0-1"]
[PlyCount "113"]

1. e4 e5 2. Nf3 Nc6 3. Bc4 Nf6 4. d3 Bb4+ 5. c3 Bc5 6. Bg5 h6 7. Bh4 O-O 8. O-O Na5 9. d4 Bxd4 10. cxd4 Nxc4 11. dxe5 Nxb2 12. Qc2 g5 13. Bg3 Nh5 14. Bh4 gxh4 15. Nxh4 Qxh4 16. Qxb2 Nf4 17. Qd2 Qg5 18. g3 Nh3+ 19. Kg2 Qxd2 20. Nxd2 Ng5 21. Rac1 d6 22. Nf3 Bh3+ 23. Kg1 Bxf1 24. Kxf1 Nxf3 25. Rxc7 Rab8 26. exd6 Rfd8 27. Ke2 Nxh2 28. e5 Kf8 29. f4 Ng4 30. Kf3 Nh2+ 31. Kg2 Ng4 32. Kh3 Ne3 33. a4 b6 34. Rxa7 f6 35. e6 Rxd6 36. Rf7+ Kg8 37. Kh4 Rxe6 38. f5 Kxf7 39. fxe6+ Kxe6 40. Kh5 b5 41. axb5 Rxb5+ 42. Kxh6 Nf5+ 43. Kg6 Rb8 44. g4 Rg8+ 45. Kh5 Ng3+ 46. Kh4 Ne4 47. Kh3 f5 48. Kg2 Rxg4+ 49. Kf3 Ng5+ 50. Ke3 Ke5 51. Kd3 f4 52. Kc4 f3+ 53. Kd3 f2 54. Ke2 Rf4 55. Kf1 Ne4 56. Kg2 f1=Q+ 57. Kh2 0-1

[Event "Junior Online 4NCL Division 5"]
[Site "online"]
[Date "2021.02.18"]
[EventDate "2021.02.18"]
[Round "3.125"]
[White "Dhaliwal, Simrun Kaur"]
[WhiteElo "1028"]
[WhiteTeam "Edgware Gambits J"]
[Black "Zhao, Wenyi"]
[BlackElo "1424"]
[BlackTeam "KJCA Young Kestrels G"]
[Result "0-1"]
[PlyCount "60"]

1. e4 e6 2. Nf3 d5 3. e5 c5 4. d3 Nc6 5. Nc3 f6 6. Bf4 Be7 7. Be2 fxe5 8. Nxe5 Nxe5 9. Bxe5 Bf6 10. Bxf6 Nxf6 11. O-O O-O 12. Nb5 a6 13. Nc3 b6 14. Bg4 Nxg4 15. Qxg4 e5 16. Qg3 Rf5 17. Rfe1 Rg5 18. Qh4 Rxg2+ 19. Kxg2 Qxh4 20. Nxd5 Qh3+ 21. Kg1 Bb7 22. Re3 Qd7 23. Nxb6 Qc6 24. Re4 Qxb6 25. Rxe5 Qg6+ 26. Kf1 Qg2+ 27. Ke2 Qxh2 28. Re1 Qxe5+ 29. Kd1 Bf3+ 30. Kc1 Qxe1# 0-1

[Event "Junior Online 4NCL Division 5"]
[Site "online"]
[Date "2021.02.18"]
[EventDate "2021.02.18"]
[Round "3.126"]
[White "Shkuratovskyi, Makariy"]
[WhiteElo "1267"]
[WhiteTeam "KJCA Young Kestrels G"]
[Black "Tulsiani, Aarav"]
[BlackElo "910"]
[BlackTeam "Edgware Gambits J"]
[Result "1-0"]
[PlyCount "35"]

1. e4 e5 2. Nf3 Nc6 3. Bc4 Bc5 4. c3 Nf6 5. d4 exd4 6. cxd4 Bb6 7. Nc3 O-O 8. O-O Re8 9. Re1 d5 10. exd5 Ne7 11. Bg5 h6 12. Bxf6 gxf6 13. Qd2 Kf8 14. Qxh6+ Kg8 15. Qxf6 Kh7 16. Qxf7+ Kh8 17. Ng5 Ng6 18. Qh7# 1-0

[Event "Junior Online 4NCL Division 5"]
[Site "online"]
[Date "2021.02.18"]
[EventDate "2021.02.18"]
[Round "3.127"]
[White "Pang, Ethan"]
[WhiteElo "925"]
[WhiteTeam "Edgware Gambits J"]
[Black "Heard, Ben"]
[BlackElo "1253"]
[BlackTeam "KJCA Young Kestrels G"]
[Result "1/2-1/2"]
[PlyCount "121"]

1. e4 e5 2. Nf3 Nc6 3. g3 Nf6 4. Bg2 Bc5 5. O-O O-O 6. Nc3 d6 7. d3 h6 8. Be3 Bb6 9. Na4 Bg4 10. Nxb6 cxb6 11. Qd2 Be6 12. c4 Qd7 13. b3 Rac8 14. d4 Ne7 15. dxe5 dxe5 16. Qxd7 Nxd7 17. a4 Nc6 18. Rfb1 Nb4 19. Rc1 Bg4 20. a5 Bxf3 21. Bxf3 Nc5 22. Bxc5 bxc5 23. Bg4 Rcd8 24. Rd1 Rfe8 25. Kf1 Rd4 26. Bf3 Re6 27. Ke2 Rf6 28. Bg2 a6 29. h4 g5 30. h5 Rfd6 31. Bf3 Nc2 32. Rac1 Nb4 33. Kf1 Na2 34. Ra1 Nc3 35. Rdc1 Nxe4 36. Bxe4 Rxe4 37. Rd1 Red4 38. Ke2 Re4+ 39. Kf1 Rdd4 40. f3 Re3 41. Kf2 Rxb3 42. Re1 e4 43. fxe4 Rxc4 44. e5 Rd4 45. Rac1 Rb2+ 46. Kg1 Rdd2 47. Rxc5 Rg2+ 48. Kh1 Rh2+ 49. Kg1 Rbg2+ 50. Kf1 Rf2+ 51. Kg1 Rhg2+ 52. Kh1 Rxg3 53. Rc8+ Kg7 54. Rc7 Rf4 55. Re2 Rfg4 56. Kh2 Rd3 57. Rxb7 Rh4+ 58. Kg2 Rg4+ 59. Kh2 Rh4+ 60. Kg2 Rg4+ 61. Kh2 1/2-1/2

[Event "Junior Online 4NCL Division 5"]
[Site "online"]
[Date "2021.02.18"]
[EventDate "2021.02.18"]
[Round "3.128"]
[White "Oprea, Lucas"]
[WhiteElo "1214"]
[WhiteTeam "KJCA Young Kestrels G"]
[Black "Soni, Gia"]
[BlackElo "850"]
[BlackTeam "Edgware Gambits J"]
[Result "0-1"]
[PlyCount "137"]

1. e4 e5 2. Nf3 Nc6 3. Nc3 Nf6 4. Bb5 d6 5. Nd5 a6 6. Bxc6+ bxc6 7. Nxf6+ Qxf6 8. O-O Bg4 9. d3 d5 10. Bg5 Qg6 11. Qc1 Bxf3 12. gxf3 Be7 13. h4 h6 14. h5 Qxg5+ 15. Qxg5 Bxg5 16. Kh2 g6 17. Rg1 Bf4+ 18. Kh3 gxh5 19. Kh4 Bg5+ 20. Kxh5 f6 21. exd5 cxd5 22. c4 dxc4 23. dxc4 Rb8 24. Rab1 Rb4 25. Rg4 f5 26. Rgg1 Rxc4 27. Kg6 Rc6+ 28. Kxf5 Rf6+ 29. Kxe5 Rxf3 30. Rgf1 Kf7 31. Rbe1 Re8+ 32. Kd4 Bf6+ 33. Kc4 Rd8 34. Re3 Rd4+ 35. Kc5 Rf5+ 36. Kc6 Rd6+ 37. Kxc7 Be7 38. Rfe1 Rc5+ 39. Kb7 Rd7+ 40. Kb6 Rb5+ 41. Kxa6 Rdb7 42. Rxe7+ Rxe7 43. Rxe7+ Kxe7 44. Kxb5 h5 45. Kc4 h4 46. Kd3 h3 47. Ke2 h2 48. a4 h1=Q 49. a5 Qc6 50. a6 Qxa6+ 51. Kd1 Qa2 52. Kc1 Qf7 53. Kc2 Qxf2+ 54. Kb3 Qf4 55. Ka2 Qf3 56. b3 Kd6 57. Ka3 Qf4 58. Kb2 Qb4 59. Ka2 Kd5 60. Kb2 Kd4 61. Kc2 Qc3+ 62. Kb1 Qxb3+ 63. Kc1 Qa2 64. Kd1 Kc3 65. Ke1 Kd3 66. Kf1 Ke3 67. Kg1 Kf3 68. Kh1 Kg3 69. Kg1 0-1

[Event "Junior Online 4NCL Division 5"]
[Site "online"]
[Date "2021.02.18"]
[EventDate "2021.02.18"]
[Round "3.131"]
[White "Lankothu, Sushant"]
[WhiteElo "1000"]
[WhiteTeam "KEGS C"]
[Black "Srinivasan, Raghav"]
[BlackElo "1545"]
[BlackTeam "Chess Challengers B"]
[Result "1-0"]
[PlyCount "143"]

1. e4 e5 2. Nf3 Nc6 3. Bc4 Nf6 4. d3 Bb4+ 5. Bd2 Bxd2+ 6. Nbxd2 d6 7. Ng5 O-O 8. Ngf3 Be6 9. Bb3 Bxb3 10. Nxb3 Re8 11. O-O Ng4 12. h3 Nf6 13. c3 Qd7 14. d4 exd4 15. cxd4 Nxe4 16. Re1 Nf6 17. Qc2 Rxe1+ 18. Rxe1 h6 19. Qc3 d5 20. Nc5 Qc8 21. Ne5 Nxe5 22. dxe5 Nh5 23. Qf3 b6 24. Nb3 g6 25. Qxd5 Qd8 26. Qf3 Rc8 27. e6 fxe6 28. Rxe6 Ng7 29. Rxg6 Qe7 30. Rxh6 Rf8 31. Qd5+ Qf7 32. Qxf7+ Rxf7 33. Rg6 Kh7 34. Rg4 c5 35. Rc4 Ne6 36. Kf1 Rd7 37. Rh4+ Kg6 38. Rg4+ Kh5 39. Ke2 Nd4+ 40. Nxd4 cxd4 41. Kd3 Kh6 42. Rxd4 Rxd4+ 43. Kxd4 Kg6 44. Kd5 Kf5 45. Kc6 Ke6 46. Kb7 b5 47. Kxa7 Kd5 48. Kb6 Kc4 49. h4 Kd5 50. h5 Ke6 51. h6 Kf6 52. h7 Kg7 53. Kxb5 Kxh7 54. a4 Kg7 55. a5 Kf7 56. a6 Ke7 57. a7 Kd6 58. a8=Q Ke5 59. Qd8 Ke4 60. Kc4 Ke5 61. b4 Ke4 62. b5 Ke5 63. Qd5+ Kf6 64. b6 Ke7 65. b7 Kf6 66. b8=Q Kg6 67. Qg3+ Kf6 68. Qgf3+ Kg6 69. Qfe4+ Kf6 70. Qee6+ Kg7 71. Qdd7+ Kh8 72. Qee8# 1-0

[Event "Junior Online 4NCL Division 5"]
[Site "online"]
[Date "2021.02.18"]
[EventDate "2021.02.18"]
[Round "3.132"]
[White "Bhatia, Jai"]
[WhiteElo "1584"]
[WhiteTeam "Chess Challengers B"]
[Black "Owen, Joshua"]
[BlackElo "1038"]
[BlackTeam "KEGS C"]
[Result "1-0"]
[PlyCount "71"]

1. e4 e5 2. Nf3 Nc6 3. Nc3 Nf6 4. Bb5 Bc5 5. Bxc6 bxc6 6. h3 Ba6 7. Nxe5 Rf8 8. Nf3 h6 9. d3 Qe7 10. Qe2 O-O-O 11. Be3 Bb5 12. Nxb5 cxb5 13. a4 b4 14. a5 Rfe8 15. d4 Nxe4 16. dxc5 Nxc5 17. O-O Qd6 18. c3 bxc3 19. b4 Nb3 20. Rad1 Qxb4 21. Qa6+ Qb7 22. Qxb7+ Kxb7 23. Rb1 Re4 24. Rxb3+ Ka6 25. Rxc3 Kxa5 26. Re1 Kb4 27. Rcc1 Rb8 28. Bd2+ Ka4 29. Rxe4+ Kb5 30. Rb1+ Ka6 31. Rxb8 c5 32. Re7 c4 33. Rxd7 c3 34. Bxc3 f5 35. Rxg7 f4 36. Rg6# 1-0

[Event "Junior Online 4NCL Division 5"]
[Site "online"]
[Date "2021.02.18"]
[EventDate "2021.02.18"]
[Round "3.133"]
[White "Gould, Charlie"]
[WhiteElo "1053"]
[WhiteTeam "KEGS C"]
[Black "Sharavana, Harshith"]
[BlackElo "1491"]
[BlackTeam "Chess Challengers B"]
[Result "0-1"]
[PlyCount "82"]

1. e4 e5 2. Nf3 Nc6 3. Nc3 Nf6 4. Bc4 Bb4 5. d3 Bxc3+ 6. bxc3 O-O 7. Bg5 h6 8. Bxf6 Qxf6 9. O-O a6 10. h3 b5 11. Bd5 a5 12. c4 bxc4 13. dxc4 Ra6 14. Qd3 Nb4 15. Qb3 Nxd5 16. cxd5 Rb6 17. Qa4 Ba6 18. Rfb1 Rxb1+ 19. Rxb1 Be2 20. Nd2 Ra8 21. Re1 Ba6 22. Rf1 Bxf1 23. Nxf1 c6 24. dxc6 dxc6 25. Ne3 Qd6 26. Nc4 Qd1+ 27. Kh2 Qc1 28. Qxc6 Rf8 29. Nxe5 Qf4+ 30. g3 Qxe5 31. f4 Qe6 32. Qc5 Qxa2 33. f5 g6 34. fxg6 fxg6 35. e5 a4 36. Qc6 Qb1 37. e6 Rf2+ 38. Qg2 Rxg2+ 39. Kxg2 Qxc2+ 40. Kg1 Qe4 41. e7 Qxe7 0-1

[Event "Junior Online 4NCL Division 5"]
[Site "online"]
[Date "2021.02.18"]
[EventDate "2021.02.18"]
[Round "3.134"]
[White "Mali, Harshal"]
[WhiteElo "1480"]
[WhiteTeam "Chess Challengers B"]
[Black "Siriwardana, Neil"]
[BlackElo "904"]
[BlackTeam "KEGS C"]
[Result "1-0"]
[PlyCount "49"]

1. e4 e5 2. Bc4 Bc5 3. Nf3 Nc6 4. c3 Nf6 5. b4 Bb6 6. d3 O-O 7. O-O d6 8. a4 a5 9. b5 Na7 10. Nbd2 c6 11. Re1 Re8 12. bxc6 Nxc6 13. Ba3 Be6 14. Rb1 d5 15. exd5 Bxd5 16. Ng5 Bxc4 17. Nxc4 e4 18. Nxb6 Rb8 19. Nxe4 Nxe4 20. dxe4 Qxd1 21. Rbxd1 Ne5 22. Bd6 Rbd8 23. Bxe5 Rxd1 24. Rxd1 Rxe5 25. Rd8+ 1-0

[Event "Junior Online 4NCL Division 5"]
[Site "online"]
[Date "2021.02.18"]
[EventDate "2021.02.18"]
[Round "3.135"]
[White "Srinivasan, Raghav"]
[WhiteElo "1545"]
[WhiteTeam "Chess Challengers B"]
[Black "Lankothu, Sushant"]
[BlackElo "1000"]
[BlackTeam "KEGS C"]
[Result "1-0"]
[PlyCount "101"]

1. e4 e5 2. Nf3 Nc6 3. Bb5 d6 4. Bxc6+ bxc6 5. d3 Bb7 6. Nc3 c5 7. Nd5 Bxd5 8. exd5 Nf6 9. Bg5 h6 10. Bxf6 Qxf6 11. Qe2 Be7 12. O-O-O Rb8 13. b3 O-O 14. h4 Qf4+ 15. Qe3 Qxe3+ 16. fxe3 f5 17. e4 fxe4 18. dxe4 Rb4 19. Nd2 Rf2 20. Rdg1 Rd4 21. Nc4 Rxe4 22. g4 Ree2 23. Na3 Rd2 24. g5 hxg5 25. hxg5 Rxd5 26. g6 Rdd2 27. Rg3 Rg2 28. Rgh3 Bh4 29. Rxh4 Kf8 30. Rh8+ Ke7 31. Ra8 Kd7 32. Rxa7 Rdf2 33. Rh8 Rxg6 34. Rb8 Kc6 35. Rbb7 Rf7 36. Nc4 Rgf6 37. Na5+ Kd5 38. Rxc7 Rxc7 39. Rxc7 g5 40. Rg7 Rf5 41. Kd2 e4 42. Ke3 Rf3+ 43. Ke2 Rf5 44. Nc4 Kc6 45. Ne3 Re5 46. c4 Kb6 47. Nd5+ Ka5 48. Ke3 Ka6 49. Rg6 Kb7 50. Rxd6 g4 51. Rg6 1-0

[Event "Junior Online 4NCL Division 5"]
[Site "online"]
[Date "2021.02.18"]
[EventDate "2021.02.18"]
[Round "3.136"]
[White "Owen, Joshua"]
[WhiteElo "1038"]
[WhiteTeam "KEGS C"]
[Black "Bhatia, Jai"]
[BlackElo "1584"]
[BlackTeam "Chess Challengers B"]
[Result "0-1"]
[PlyCount "42"]

1. e4 e5 2. Nf3 Nc6 3. Bc4 h6 4. Nc3 Nf6 5. d3 Be7 6. O-O d6 7. h3 g5 8. g4 Rg8 9. h4 gxh4 10. Nxh4 Rxg4+ 11. Kh1 Rxh4+ 12. Kg1 Kd7 13. Kg2 Qg8+ 14. Kf3 Nd4+ 15. Ke3 Ng4+ 16. Kd2 Qg5+ 17. Ke1 Qf6 18. f3 Nxf3+ 19. Rxf3 Rh1+ 20. Rf1 Rxf1+ 21. Ke2 Qf2# 0-1

[Event "Junior Online 4NCL Division 5"]
[Site "online"]
[Date "2021.02.18"]
[EventDate "2021.02.18"]
[Round "3.137"]
[White "Sharavana, Harshith"]
[WhiteElo "1491"]
[WhiteTeam "Chess Challengers B"]
[Black "Gould, Charlie"]
[BlackElo "1053"]
[BlackTeam "KEGS C"]
[Result "1-0"]
[PlyCount "31"]

1. e4 e5 2. Nf3 Nc6 3. Bc4 Nf6 4. Ng5 d5 5. exd5 Nxd5 6. Nxf7 Qh4 7. Nxh8 Qxc4 8. d3 Qb4+ 9. Bd2 Qxb2 10. Nc3 Nd4 11. O-O Nxc3 12. Bxc3 Nxc2 13. Bxb2 Nxa1 14. Bxa1 h5 15. Qxh5+ g6 16. Qxg6+ 1-0

[Event "Junior Online 4NCL Division 5"]
[Site "online"]
[Date "2021.02.18"]
[EventDate "2021.02.18"]
[Round "3.138"]
[White "Siriwardana, Neil"]
[WhiteElo "904"]
[WhiteTeam "KEGS C"]
[Black "Mali, Harshal"]
[BlackElo "1480"]
[BlackTeam "Chess Challengers B"]
[Result "1-0"]
[PlyCount "27"]

1. e4 e5 2. d3 Nf6 3. Nf3 Nc6 4. Nc3 d5 5. exd5 Nxd5 6. Nxd5 Qxd5 7. Be2 Bf5 8. O-O O-O-O 9. d4 exd4 10. Bf4 f6 11. a4 Bxc2 12. Qxc2 d3 13. Bxd3 Nb4 14. Qxc7# 1-0